Cerrejón : (Registro nro. 15463)
[ vista simple ]
| 000 -LEADER | |
|---|---|
| fixed length control field | 01482nam a22002777a 4500 |
| 003 - CONTROL NUMBER IDENTIFIER | |
| control field | OSt |
| 005 - DATE AND TIME OF LATEST TRANSACTION | |
| control field | 20210323121357.0 |
| 008 - FIXED-LENGTH DATA ELEMENTS--GENERAL INFORMATION | |
| fixed length control field | 210323s2011 ck aod|gr|||| 00| 0 spa d |
| 020 ## - INTERNATIONAL STANDARD BOOK NUMBER | |
| International Standard Book Number | 9789589973189 |
| 040 ## - CATALOGING SOURCE | |
| Original cataloging agency | CO-JMCR |
| Transcribing agency | CO-JMCR |
| 041 0# - LANGUAGE CODE | |
| Language code of text/sound track or separate title | spa |
| 082 04 - DEWEY DECIMAL CLASSIFICATION NUMBER | |
| Classification number | 338.272 / |
| Item number | G911c |
| Edition number | 21 |
| 100 1# - MAIN ENTRY--PERSONAL NAME | |
| Personal name | Gualdrón Acosta, Ramón, |
| Relator term | autor |
| 9 (RLIN) | 36425 |
| 245 10 - TITLE STATEMENT | |
| Title | Cerrejón : |
| Remainder of title | hacia la rehabilitación de las tierras intervenidas por la minería a cielo abierto / |
| Statement of responsibility, etc. | Ramón Gualdrón Acosta |
| 260 ## - PUBLICATION, DISTRIBUTION, ETC. | |
| Place of publication, distribution, etc. | Bogotá : |
| Name of publisher, distributor, etc. | Conservación Internacional Colombia, |
| Date of publication, distribution, etc. | 2011 |
| 300 ## - PHYSICAL DESCRIPTION | |
| Extent | 238 páginas : |
| Other physical details | ilustraciones, fotografías y gráficas a color ; |
| Dimensions | 25 cm. |
| 504 ## - BIBLIOGRAPHY, ETC. NOTE | |
| Bibliography, etc. note | Bibliografía : páginas 234-237 |
| 505 0# - FORMATTED CONTENTS NOTE | |
| Formatted contents note | Contexto social, ambiental y económico -- Clima, suelos y diversidad biológica -- Gestión ambiental: responsabilidad y compromiso -- La estrategia de rehabilitación: en alianza con la naturaleza -- Etapas del proceso -- Especies protagonistas -- Monitoreo -- Lecciones aprendidas |
| 610 #2 - SUBJECT ADDED ENTRY--CORPORATE NAME | |
| Corporate name or jurisdiction name as entry element | Carbones del Cerrejón (La Guajira, Colombia) |
| General subdivision | Responsabilidad ambiental |
| 9 (RLIN) | 36426 |
| 610 #2 - SUBJECT ADDED ENTRY--CORPORATE NAME | |
| Corporate name or jurisdiction name as entry element | Carbones del Cerrejón (La Guajira, Colombia) |
| General subdivision | Responsabilidad social |
| 9 (RLIN) | 36427 |
| 650 14 - SUBJECT ADDED ENTRY--TOPICAL TERM | |
| Topical term or geographic name entry element | Industria del carbón |
| Geographic subdivision | La Guajira (Colombia) |
| 9 (RLIN) | 36428 |
| 650 24 - SUBJECT ADDED ENTRY--TOPICAL TERM | |
| Topical term or geographic name entry element | Minas de carbón |
| General subdivision | Aspectos ambientales |
| Geographic subdivision | La Guajira (Colombia) |
| 9 (RLIN) | 36429 |
| 650 24 - SUBJECT ADDED ENTRY--TOPICAL TERM | |
| Topical term or geographic name entry element | Cobertura vegetal |
| Geographic subdivision | La Guajira (Colombia) |
| 9 (RLIN) | 36430 |
| 650 24 - SUBJECT ADDED ENTRY--TOPICAL TERM | |
| Topical term or geographic name entry element | Multiculturalismo |
| Geographic subdivision | La Guajira (Colombia) |
| 9 (RLIN) | 36431 |
| 942 ## - ADDED ENTRY ELEMENTS (KOHA) | |
| Source of classification or shelving scheme | Dewey Decimal Classification |
| Koha item type | Books |
| Withdrawn status | Lost status | Source of classification or shelving scheme | Damaged status | Not for loan | Collection code | Home library | Current library | Date acquired | Source of acquisition | Total Checkouts | Full call number | Barcode | Date last seen | Copy number | Price effective from | Koha item type |
|---|---|---|---|---|---|---|---|---|---|---|---|---|---|---|---|---|
| Dewey Decimal Classification | Non-fiction | Biblioteca Pública José María del Castillo y Rada | Biblioteca Pública José María del Castillo y Rada | 10/02/2020 | Donación | 338.272 / G911c | 201810801 | 05/16/2024 | Ej.1 | 03/23/2021 | Books |